00633nam a2200181Ia 4500003000900000008004100009040001600050080001500066100002400081245014300105260004000248300001600288650001900304650002100323942000700344999001100351952008900362IN-BaIIA211028s9999 xx 000 0 eng d cIIA Library a551.7bOLD aOldham, Thomas9165 0aOn the geological structure of part of the Khasi Hills with observations on the meteorology and enthnology of That districtcThomas Oldham aCalcuttabMittal Publicationsc1854 alxxii, 77p. aGeography9166 aKhasi Hills9167 cBK c99d99 00104070aBANbKODcGENd0000-00-00l0o551.7/ OLDp55r2021-11-05w0000-00-00yBK